[Event "Titled Tue 3rd Jun Early"]
[Site "chess.com INT"]
[Date "2025.06.03"]
[Round "3"]
[White "Sydykov, Bayastan"]
[Black "Gao, Raymond"]
[Result "1-0"]
[WhiteTitle "FM"]
[WhiteElo "2301"]
[BlackElo "2007"]
[WhiteFideId "13829610"]
[BlackFideId "2629429"]
[EventDate "2025.06.03"]

1. e4 c5 2. Nc3 Nc6 3. f4 a6 4. Nf3 b5 5. g3 b4 6. Ne2 d5 7. e5 h5 8. Bg2 Nh6 9.
O-O a5 10. d3 e6 11. h3 Be7 12. Be3 Nf5 13. Bf2 a4 14. Qd2 Ba6 15. b3 a3 16. Nh2
Qc7 17. Bf3 O-O-O 18. Rfc1 Nfd4 19. Bg2 Nxe2+ 20. Qxe2 Nd4 21. Qd1 g5 22. c3
bxc3 23. Rxc3 Nb5 24. Rc2 gxf4 25. gxf4 d4 26. Qf3 Bb7 27. Qxb7+ Qxb7 28. Bxb7+
Kxb7 29. Nf3 Rhg8+ 30. Kh2 Nc3 31. Re1 Rg7 32. b4 Rdg8 33. bxc5 Rg2+ 34. Kh1
Bxc5 35. Ng5 R2xg5 36. fxg5 Rxg5 37. Rxc3 dxc3 38. Bxc5 Rg3 39. d4 c2 40. Rc1
Rxh3+ 41. Kg2 Rc3 42. Bb4 Rc4 43. Bxa3 Kc6 44. Bc5 Kd5 45. Kf3 h4 46. Kg4 Ke4
47. a4 Kd3 48. a5 Kd2 49. Rxc2+ Kxc2 50. Kxh4 Ra4 51. Bb6 Kd3 52. Kg5 Ke4 53.
Kf6 Kd5 54. Kxf7 Ra2 55. Ke7 Ra4 56. Kd7 Ra2 57. Kc7 Ra3 58. Kb7 Ra4 59. a6 Ra3
60. a7 Ra2 61. a8=Q Rxa8 62. Kxa8 1-0

[Event "Titled Tue 3rd Jun Early"]
[Site "chess.com INT"]
[Date "2025.06.03"]
[Round "3"]
[White "Jimenez Fernandez, Rebeca"]
[Black "Karpenko, Anton"]
[Result "0-1"]
[WhiteTitle "WFM"]
[BlackTitle "CM"]
[WhiteElo "2163"]
[BlackElo "2218"]
[WhiteFideId "32070934"]
[BlackFideId "34374353"]
[EventDate "2025.06.03"]

1. e4 c5 2. Nc3 Nc6 3. g3 g6 4. Bg2 Bg7 5. d3 d6 6. Be3 e5 7. Qd2 Be6 8. f4 Nge7
9. Nf3 b6 10. O-O O-O 11. Ng5 Bc8 12. f5 f6 13. fxg6 fxg5 14. gxh7+ Kxh7 15.
Bxg5 Be6 16. Nd5 Qd7 17. Nf6+ Bxf6 18. Bxf6 Ng8 19. Bh4 Qg7 20. Bf3 Nd4 21. Bg2
Bg4 22. Kh1 Nf3 23. Qe3 Nxh4 24. gxh4 Be6 25. Rg1 Qh6 26. Qg3 Nf6 27. Bf3 Rg8
28. Qf2 Rxg1+ 29. Rxg1 Rg8 30. Rg3 Rxg3 31. hxg3 Kg7 32. Kh2 Ng4+ 33. Bxg4 Bxg4
34. Kg2 Qf6 35. Qe3 Kg6 36. c3 b5 37. a3 Bh5 38. b4 Qe7 39. bxc5 dxc5 40. d4
cxd4 41. cxd4 exd4 42. Qxd4 Bg4 43. Qd5 Qe6 44. Qg5+ Kf7 45. Qf4+ Ke7 46. Qg5+
Kd6 47. Qf4+ Kc6 0-1

[Event "Titled Tue 3rd Jun Early"]
[Site "chess.com INT"]
[Date "2025.06.03"]
[Round "3"]
[White "Abraham, John Z"]
[Black "Gong, Qianyun"]
[Result "1-0"]
[BlackTitle "WGM"]
[WhiteElo "2100"]
[BlackElo "2265"]
[WhiteFideId "30987318"]
[BlackFideId "8602425"]
[EventDate "2025.06.03"]

1. d4 d5 2. c4 e6 3. Nc3 Nf6 4. cxd5 exd5 5. Bg5 Be7 6. e3 c6 7. Bd3 h6 8. Bh4
O-O 9. Nge2 Ne8 10. Bg3 Nd6 11. O-O Re8 12. Rc1 Bf8 13. Qd2 a5 14. f3 b5 15.
Rce1 Na6 16. e4 Nb4 17. Bb1 Nc4 18. Qc1 dxe4 19. fxe4 Bg4 20. b3 Nd6 21. e5 Nc8
22. Qf4 Bh5 23. a3 Nd5 24. Nxd5 cxd5 25. Qf2 Ra6 26. Nf4 Bg4 27. h3 Bd7 28. Qc2
g6 29. e6 Bxe6 30. Nxg6 Bg7 31. Ne5 f5 32. Rxf5 Bxf5 33. Qxf5 Rf6 34. Qh7+ Kf8
35. Bh4 Ree6 36. Bxf6 Rxf6 37. Ng6+ Kf7 38. Ne5+ Kf8 39. Ng4 Nd6 40. Nxf6 Qxf6
41. Rf1 Qxf1+ 42. Kxf1 Nf7 43. Qf5 Ke7 44. Qxd5 Nd6 45. Bg6 Bf6 46. Bd3 Bg5 47.
Bxb5 Nf7 48. Bc4 Nd6 49. Qe6+ 1-0

[Event "Titled Tue 3rd Jun Early"]
[Site "chess.com INT"]
[Date "2025.06.03"]
[Round "3"]
[White "Yushko, Olga"]
[Black "Emeliantsev, Anatoliy"]
[Result "0-1"]
[WhiteTitle "WFM"]
[BlackTitle "FM"]
[WhiteElo "2036"]
[BlackElo "2359"]
[WhiteFideId "14114500"]
[BlackFideId "4160681"]
[EventDate "2025.06.03"]

1. d4 Nf6 2. c4 g6 3. Nc3 Bg7 4. Nf3 O-O 5. Bg5 d6 6. e3 h6 7. Bh4 Nbd7 8. Be2
c6 9. O-O Re8 10. Qc2 Nf8 11. Rfd1 g5 12. Bg3 Nh5 13. Rab1 Nxg3 14. hxg3 f5 15.
b4 e6 16. b5 d5 17. bxc6 bxc6 18. cxd5 exd5 19. Na4 Qd6 20. Rdc1 Bd7 21. Nc5
Rac8 22. Ba6 Rc7 23. Rb7 f4 24. Rxc7 Qxc7 25. Nxd7 Nxd7 26. exf4 gxf4 27. Qxc6
Qxc6 28. Rxc6 fxg3 29. fxg3 Nb6 30. Rd6 Re4 31. Rd8+ Kf7 32. Bb7 Bxd4+ 33. Kf1
Bf6 34. Bxd5+ Nxd5 35. Rxd5 Ra4 36. Rd2 Ke6 37. Rc2 a5 38. Nd2 Be5 39. Nb3 Ra3
40. Kf2 a4 41. Nc5+ Kd5 42. Nd7 Bxg3+ 43. Ke2 Bf4 44. Nf6+ Ke5 45. Nd7+ Kf5 46.
Nc5 Re3+ 47. Kf1 a3 48. Nb3 Bg3 49. Nd4+ Ke4 50. Nf3 Kd3 51. Rc8 Re4 52. Ra8 Bd6
53. Rd8 Re6 54. Ne5+ Rxe5 55. Rxd6+ Kc2 56. Rxh6 Kb2 57. g4 Kxa2 58. Rh5 Rxh5
59. gxh5 Kb3 60. h6 a2 0-1

[Event "Titled Tue 3rd Jun Early"]
[Site "chess.com INT"]
[Date "2025.06.03"]
[Round "3"]
[White "Salonen, Aku"]
[Black "Jumabayev, Rinat"]
[Result "1-0"]
[WhiteTitle "FM"]
[BlackTitle "GM"]
[WhiteElo "2314"]
[BlackElo "2551"]
[WhiteFideId "517577"]
[BlackFideId "13702661"]
[EventDate "2025.06.03"]

1. e4 c5 2. Nf3 e6 3. c3 Nf6 4. e5 Nd5 5. d4 cxd4 6. cxd4 d6 7. Bc4 Nb6 8. Bb3
Bd7 9. O-O Bc6 10. Nc3 Bxf3 11. Qxf3 Nc6 12. Rd1 d5 13. Qg3 Rc8 14. Bg5 Qd7 15.
Rac1 h6 16. Be3 Na5 17. Ne2 Nbc4 18. Nf4 g6 19. Bxc4 Nxc4 20. b3 Nxe3 21. fxe3
Ba3 22. Rxc8+ Qxc8 23. Rf1 Qc2 24. Qf3 O-O 25. h4 h5 26. g4 hxg4 27. Qxg4 Qf5
28. Qg3 Qe4 29. h5 g5 30. Qxg5+ Kh7 31. Qf6 Rg8+ 32. Kh2 Qxe3 33. Qxf7+ Rg7 34.
Qxe6 Qg3+ 35. Kh1 Qh4+ 36. Qh3 Qxh3+ 37. Nxh3 Bb2 38. Nf4 Rg5 39. Nxd5 Bxd4 40.
Nf6+ Kh6 41. Kh2 Bxe5+ 42. Kh3 Rg3+ 43. Kh4 Kg7 44. Ng4 Bd6 45. h6+ Kg8 46. Nf6+
Kh8 47. Re1 1-0

[Event "Titled Tue 3rd Jun Early"]
[Site "chess.com INT"]
[Date "2025.06.03"]
[Round "3"]
[White "Bukreev, Stanislav"]
[Black "Le, Tuan Minh"]
[Result "1-0"]
[WhiteTitle "FM"]
[BlackTitle "GM"]
[WhiteElo "2328"]
[BlackElo "2598"]
[WhiteFideId "34252347"]
[BlackFideId "12401153"]
[EventDate "2025.06.03"]

1. d4 d5 2. c4 c6 3. Nf3 Nf6 4. Nc3 a6 5. e3 Bf5 6. cxd5 cxd5 7. Qb3 Ra7 8. Ne5
Nc6 9. Qa4 Bd7 10. Nxd7 Qxd7 11. Bd3 e6 12. Bd2 b5 13. Qd1 Bd6 14. h3 O-O 15.
O-O Rc8 16. Qe2 e5 17. dxe5 Nxe5 18. Rfd1 h6 19. Be1 Qe6 20. a4 b4 21. Na2 a5
22. Nc1 Bb8 23. Nb3 Qd6 24. g3 h5 25. h4 g6 26. Nd4 Re7 27. Ba6 Rce8 28. Bb5 Rd8
29. Rac1 Ne4 30. f4 Nd7 31. Rc6 Ba7 32. Rxd6 Nxd6 33. Bf2 Bxd4 34. Rxd4 Nf6 35.
Qc2 Nf5 36. Rd3 Ne4 37. Qc6 Rd6 38. Qa8+ Kg7 39. Qxa5 d4 40. Qxb4 dxe3 41. Bxe3
Rde6 42. Bd4+ Kh7 43. a5 Nexg3 44. Rxg3 Nxg3 45. a6 Re1+ 46. Qxe1 Rxe1+ 47. Kf2
Rd1 48. Kxg3 Rxd4 49. a7 Rb4 50. Bc6 Rb3+ 51. Bf3 1-0

[Event "Titled Tue 3rd Jun Early"]
[Site "chess.com INT"]
[Date "2025.06.03"]
[Round "3"]
[White "Khodzhamkuliev, Bahadur"]
[Black "Ostensen, Nicolai Maxime"]
[Result "0-1"]
[BlackTitle "FM"]
[WhiteElo "2093"]
[BlackElo "2283"]
[WhiteFideId "24135046"]
[BlackFideId "1546970"]
[EventDate "2025.06.03"]

1. Nf3 Nf6 2. d4 g6 3. c3 Bg7 4. Bg5 O-O 5. Nbd2 d6 6. e4 h6 7. Bxf6 Bxf6 8. Bc4
c5 9. dxc5 dxc5 10. Qc2 a6 11. e5 Bg7 12. O-O-O Bf5 13. Ne4 Qc7 14. Qe2 Nc6 15.
e6 fxe6 16. Nxc5 Kh7 17. Bxe6 Ne5 18. Bxf5 Rxf5 19. Ne6 Qa5 20. Nxg7 Kxg7 21.
Nd4 Rf6 22. f4 Nc6 23. Nxc6 bxc6 24. Qxe7+ Rf7 25. Qe5+ Qxe5 26. fxe5 Re8 27.
Rhe1 Rf5 28. Rd7+ Kg8 29. e6 Rf2 30. e7 Kf7 31. g4 Rxh2 32. Rd6 c5 33. Rxa6 Rg2
34. Re4 Kg7 35. Rc6 g5 36. Rxc5 Rf2 37. Rf5 Rxf5 38. gxf5 Kf6 39. Re1 Kxf5 40.
a4 g4 41. a5 g3 42. a6 h5 43. a7 h4 44. a8=Q Rxa8 45. e8=Q Rxe8 46. Rxe8 g2 47.
Rg8 h3 48. Kd2 h2 49. Rxg2 h1=Q 50. Rf2+ Ke4 51. Re2+ Kd5 52. Kc2 Kc4 53. Rd2
Qe4+ 54. Kc1 Kb3 55. Kd1 Qf3+ 56. Ke1 Ka2 57. c4 Kb3 58. c5 Qe3+ 59. Kd1 Qxc5
60. Rd3+ Kxb2 61. Rd2+ Kb3 62. Rd3+ Kc4 63. Rd2 Qg1+ 64. Kc2 Qg3 65. Re2 Qd3+ 0-1

[Event "Titled Tue 3rd Jun Early"]
[Site "chess.com INT"]
[Date "2025.06.03"]
[Round "3"]
[White "Anakok, Deniz"]
[Black "Ristic, Nebojsa M"]
[Result "0-1"]
[WhiteTitle "CM"]
[BlackTitle "IM"]
[WhiteElo "2058"]
[BlackElo "2248"]
[WhiteFideId "51603586"]
[BlackFideId "900850"]
[EventDate "2025.06.03"]

1. e4 e6 2. d4 d5 3. Nc3 Bb4 4. exd5 exd5 5. Bd3 c6 6. Ne2 Ne7 7. O-O Bf5 8. a3
Bd6 9. Bxf5 Nxf5 10. Qd3 Qf6 11. Bf4 O-O 12. Bxd6 Nxd6 13. Ng3 Nd7 14. Rae1 Nc4
15. Nd1 Rfe8 16. a4 Qg6 17. Qb3 Nd2 18. Qxb7 Nf8 19. Ne3 Nxf1 20. Rxf1 Reb8 21.
Qc7 Rxb2 22. Nef5 Qf6 23. c3 Ng6 24. Ne3 Rb6 25. f4 Qe7 26. Qxe7 Nxe7 27. f5 f6
28. h4 Kf7 29. Ne2 Rab8 30. g4 Rb2 31. Rf2 Ra2 32. Kg2 Rbb2 33. Kf3 Rxa4 34. g5
a5 35. Ng4 Nc8 36. Nf4 Rxf2+ 37. Kxf2 Nd6 38. g6+ Kg8 39. Ne3 Ne4+ 40. Kf3 Nxc3
41. Ne6 Nb5 42. Nc5 Nxd4+ 43. Kg3 Ra3 44. Kf4 Ne2+ 45. Kf3 d4 46. Kxe2 Rxe3+ 47.
Kd2 hxg6 48. fxg6 Rh3 49. Nb3 Rxb3 50. Kc2 Rh3 51. Kd2 Rxh4 52. Kd3 Rg4 53. Kc4
Rxg6 54. Kc5 Rg5+ 55. Kxc6 d3 56. Kb6 d2 57. Ka6 d1=Q 58. Kb6 Qd6+ 59. Kb7 Rc5
60. Ka7 Rc7+ 61. Ka8 Qd8# 0-1

[Event "Titled Tue 3rd Jun Early"]
[Site "chess.com INT"]
[Date "2025.06.03"]
[Round "3"]
[White "Todorovic, Bojan"]
[Black "Huseynova, Dinara"]
[Result "1/2-1/2"]
[WhiteTitle "FM"]
[BlackTitle "WCM"]
[WhiteElo "2111"]
[BlackElo "1822"]
[WhiteFideId "917087"]
[BlackFideId "13437313"]
[EventDate "2025.06.03"]

1. d4 f5 2. g3 Nf6 3. Bg2 e6 4. Nf3 Be7 5. O-O O-O 6. c4 d5 7. Ne5 c6 8. Nd2
Nbd7 9. Ndf3 Qc7 10. b3 Bd6 11. Bf4 Nh5 12. Nxd7 Bxd7 13. Bxd6 Qxd6 14. e3 Nf6
15. Ne5 Be8 16. Qc2 Nd7 17. Nxd7 Qxd7 18. cxd5 exd5 19. b4 a6 20. a4 Qd6 21. Qc5
Rf6 22. Rfc1 Bd7 23. b5 Qxc5 24. dxc5 axb5 25. axb5 Rxa1 26. Rxa1 Rf8 27. Ra7
Rb8 28. bxc6 Bxc6 29. h4 Kf7 30. Kf1 Ke6 31. Ke2 g6 32. Kd3 Ke5 33. f4+ Ke6 34.
Kd4 Rc8 35. Bf1 Rb8 36. Be2 Rd8 37. Bd1 Rc8 38. Bb3 Rd8 39. Ra1 Rb8 40. Rh1 h5
41. Ra1 Rc8 42. Ba4 Ra8 43. Bxc6 Rxa1 44. Bxd5+ Ke7 45. Bxb7 Rg1 46. c6 Kd6 47.
e4 fxe4 48. Kxe4 Rxg3 49. Bc8 Kxc6 50. Ke5 Rg1 51. Be6 Rh1 52. Bf7 Rxh4 53. Bxg6
Rh1 54. f5 Rf1 55. f6 Rxf6 56. Kxf6 h4 57. Bf5 h3 58. Bxh3 1/2-1/2

[Event "Titled Tue 3rd Jun Early"]
[Site "chess.com INT"]
[Date "2025.06.03"]
[Round "3"]
[White "Ambartsumova, Karina"]
[Black "Dwilewicz, Katarzyna"]
[Result "1/2-1/2"]
[WhiteTitle "IM"]
[BlackTitle "WFM"]
[WhiteElo "2403"]
[BlackElo "2207"]
[WhiteFideId "4166299"]
[BlackFideId "1148486"]
[EventDate "2025.06.03"]

1. Nf3 c5 2. c4 Nc6 3. d4 cxd4 4. Nxd4 e5 5. Nb5 d6 6. N1c3 a6 7. Na3 f5 8. g3
Nf6 9. Bg2 Be7 10. O-O O-O 11. Nc2 Be6 12. b3 e4 13. Ne3 Ne5 14. Bb2 Qa5 15.
Ncd5 Nxd5 16. cxd5 Bd7 17. Bxe5 dxe5 18. Nc4 Qc3 19. Rc1 Qd4 20. Qxd4 exd4 21.
Rfd1 Bf6 22. Nb6 Rad8 23. a4 Be5 24. f4 exf3 25. Bxf3 f4 26. g4 g6 27. h3 h5 28.
Kg2 hxg4 29. hxg4 Kg7 30. Nc4 Bf6 31. Na5 b6 32. Nc6 Rc8 33. Rc4 g5 34. Rh1 Rfe8
35. b4 Re3 36. Rd1 Ra3 37. b5 axb5 38. axb5 Rb3 39. Nxd4 Rxc4 40. Nxb3 Rb4 41.
Nc1 Rxb5 42. Nd3 Rb3 43. Rc1 Rc3 44. Rb1 Bd4 45. Nb4 Bc5 46. Nc6 Kf6 47. Ra1 Rc2
48. Ra7 Bxc6 49. dxc6 Bd4 50. Rd7 Be5 51. Rb7 Bd4 52. Rd7 Be5 53. Rd3 Rb2 54.
Rd7 Rc2 1/2-1/2

[Event "Titled Tue 3rd Jun Early"]
[Site "chess.com INT"]
[Date "2025.06.03"]
[Round "3"]
[White "Shamatava, Nikolozi"]
[Black "Logachiov, Aleksandr"]
[Result "0-1"]
[WhiteTitle "FM"]
[BlackTitle "CM"]
[WhiteElo "2272"]
[BlackElo "2129"]
[WhiteFideId "13619950"]
[BlackFideId "24123706"]
[EventDate "2025.06.03"]

1. Nf3 c5 2. g3 Nc6 3. Bg2 g6 4. d4 cxd4 5. Nxd4 Bg7 6. Nb3 Nf6 7. O-O O-O 8. c4
d6 9. Nc3 e5 10. Bg5 Be6 11. Nd5 Bxd5 12. Bxd5 h6 13. Bxf6 Bxf6 14. e4 Qe7 15.
Rc1 Rac8 16. a3 h5 17. f4 exf4 18. gxf4 Bxb2 19. Rc2 Bg7 20. Rg2 Kh7 21. f5 Ne5
22. Nd2 Ng4 23. Rf3 Bd4+ 24. Kh1 Ne3 25. Qg1 Nxf5 26. Qf1 Nh4 27. Rgg3 Nxf3 28.
Nxf3 Bf6 29. Ne1 Bh4 30. Rf3 Bxe1 31. Qxe1 a6 32. Qf2 Kg7 33. Rg3 b5 34. Qf3 Qe5
35. cxb5 axb5 36. Rg1 Rc2 37. Qh3 Rd2 38. Rf1 Qg5 39. Qc3+ Kh7 40. Rg1 Qf4 41.
Qh3 Rf2 42. Re1 Qf3+ 43. Qxf3 Rxf3 44. e5 Rd3 45. Be4 Rd4 46. exd6 Rxd6 47. Re2
Re8 48. Bxg6+ fxg6 49. Rxe8 Ra6 50. Rb8 Ra5 51. Rxb5 Rxb5 52. Kg2 Ra5 53. Kg3
Kh6 54. Kh4 g5+ 55. Kg3 Rxa3+ 56. Kg2 Ra4 57. Kg3 g4 58. Kh4 Kg6 59. h3 gxh3+
60. Kg3 Kg5 61. Kh2 h4 62. Kxh3 Ra3+ 63. Kg2 Kg4 64. Kf2 h3 65. Kg1 Kg3 66. Kf1
h2 67. Ke2 0-1

[Event "Titled Tue 3rd Jun Early"]
[Site "chess.com INT"]
[Date "2025.06.03"]
[Round "3"]
[White "Herrera Ortiz, Miguel"]
[Black "Philipp, Mathias"]
[Result "1-0"]
[WhiteTitle "IM"]
[BlackTitle "CM"]
[WhiteElo "2174"]
[BlackElo "2159"]
[WhiteFideId "5100550"]
[BlackFideId "12958883"]
[EventDate "2025.06.03"]

1. e4 c5 2. Nf3 Nc6 3. d4 cxd4 4. Nxd4 Nf6 5. Nc3 e5 6. Nf5 d5 7. exd5 Bxf5 8.
dxc6 Qxd1+ 9. Nxd1 bxc6 10. Ne3 Be6 11. Nc4 Nd7 12. Bd2 Bc5 13. Na5 Rc8 14. Ba6
Rc7 15. Nb3 Be7 16. Ba5 Nb6 17. O-O-O Rd7 18. Rxd7 Kxd7 19. Rd1+ Kc7 20. Re1
Bg5+ 21. Bd2 Bxd2+ 22. Nxd2 Nd7 23. Bc4 Bxc4 24. Nxc4 Re8 25. f4 e4 26. Ne3 g6
27. g4 Nf6 28. c4 h5 29. g5 Nd7 30. b4 a5 31. a3 f5 32. Kc2 axb4 33. axb4 Ra8
34. Kb3 Nf8 35. Rd1 Ne6 36. Ng2 Rd8 37. Rxd8 Kxd8 38. b5 Kc7 39. Kb4 Kb6 40. h3
cxb5 41. cxb5 Nd4 42. Nh4 e3 43. Kc3 Nxb5+ 44. Kd3 Kc5 45. Nxg6 e2 46. Kxe2 Kd4
47. Ne7 Nd6 48. g6 Ne8 49. Nxf5+ Ke4 50. g7 Nxg7 51. Nxg7 Kxf4 52. Kf2 h4 53.
Kg2 Kg5 54. Ne8 Kf4 55. Nc7 Ke3 56. Nb5 Ke2 57. Nd4+ Ke3 58. Ne6 Ke4 59. Kf2 Kf5
60. Nc5 Kf4 61. Nd3+ Ke4 62. Ne1 Kf4 63. Ng2+ Kg5 64. Kf3 Kh5 65. Kf4 1-0

[Event "Titled Tue 3rd Jun Early"]
[Site "chess.com INT"]
[Date "2025.06.03"]
[Round "3"]
[White "Goldin, Roman"]
[Black "Sarasketa Irastortza, Oier"]
[Result "1-0"]
[WhiteTitle "FM"]
[BlackTitle "CM"]
[WhiteElo "2296"]
[BlackElo "2190"]
[WhiteFideId "2803860"]
[BlackFideId "54728207"]
[EventDate "2025.06.03"]

1. e4 e5 2. Nf3 Nc6 3. d4 exd4 4. c3 d5 5. exd5 Qxd5 6. Be2 Bg4 7. cxd4 O-O-O 8.
Nc3 Qa5 9. Be3 Nf6 10. O-O Kb8 11. a3 Nd5 12. Nxd5 Qxd5 13. Rc1 Bd6 14. h3 h5
15. Qa4 Bd7 16. Rfd1 Ne7 17. Qc2 Nf5 18. Bc4 Nxe3 19. fxe3 Qf5 20. Qxf5 Bxf5 21.
Bxf7 h4 22. Ng5 Rdf8 23. Bd5 Be7 24. Nf3 c6 25. Bc4 Be4 26. Nd2 Bd5 27. e4 Bxc4
28. Rxc4 Bg5 29. Nf3 Be3+ 30. Kf1 Re8 31. e5 Rhf8 32. Ke2 Bf4 33. Kd3 Bg3 34.
Rd2 Rf4 35. Re2 Rd8 36. e6 Re8 37. Rc5 Rf6 38. Rg5 Rfxe6 39. Rxe6 Rxe6 40. Rxg7
Re8 41. Rh7 Rf8 42. Nxh4 Rf2 43. Nf5 Rxg2 44. Rg7 Rg1 45. Rxg3 Rd1+ 46. Ke4 Rb1
47. h4 Rxb2 48. Rh3 Rg2 49. h5 Rg8 50. h6 Rh8 51. h7 Re8+ 52. Kf4 Rh8 53. Ne7
Kc7 54. Ng6 1-0

[Event "Titled Tue 3rd Jun Early"]
[Site "chess.com INT"]
[Date "2025.06.03"]
[Round "3"]
[White "Rubio, Lloyd"]
[Black "Sagalchik, Gennadij"]
[Result "0-1"]
[BlackTitle "GM"]
[WhiteElo "2167"]
[BlackElo "2434"]
[WhiteFideId "5210453"]
[BlackFideId "2007916"]
[EventDate "2025.06.03"]

1. d4 Nf6 2. c4 c5 3. d5 b5 4. Qc2 g6 5. e4 d6 6. h3 b4 7. Nf3 Bg7 8. Be2 O-O 9.
O-O e5 10. Ne1 a5 11. a3 Nbd7 12. Nd3 Rb8 13. axb4 axb4 14. Nd2 Ne8 15. f4 exf4
16. Nxf4 Bd4+ 17. Kh1 Ne5 18. Nf3 b3 19. Qd1 Nxf3 20. Bxf3 f5 21. Ne6 Bxe6 22.
dxe6 f4 23. Ra7 Qf6 24. Bg4 h5 25. e7 Rf7 26. Bd7 Qxe7 27. Bxe8 Qxe8 28. Rxf7
Qxf7 29. Bxf4 Qxc4 30. Bxd6 Rd8 31. Qf3 Bg7 32. e5 Kh7 33. Qf7 Qd3 34. Bxc5 Rd7
35. Qf3 Qxf3 36. Rxf3 Bxe5 37. g4 Rd1+ 38. Kg2 Rd2+ 39. Rf2 Rxf2+ 40. Kxf2 Bxb2
41. gxh5 gxh5 42. Kg2 Kg6 43. h4 Kf5 44. Kh3 Kf4 45. Kg2 Kg4 46. Kh2 Kxh4 47.
Kg2 Kg4 48. Kh2 Kf3 49. Kh3 Ke4 50. Kh4 Kd3 51. Kxh5 Kc2 52. Kg4 Bc1 53. Bd4 Bd2
54. Ba1 Bc3 0-1

[Event "Titled Tue 3rd Jun Early"]
[Site "chess.com INT"]
[Date "2025.06.03"]
[Round "3"]
[White "Rustemov, Alexander"]
[Black "Kurchenko, Egor"]
[Result "1-0"]
[WhiteTitle "GM"]
[BlackTitle "FM"]
[WhiteElo "2525"]
[BlackElo "2130"]
[WhiteFideId "4119002"]
[BlackFideId "54157749"]
[EventDate "2025.06.03"]

1. d4 d5 2. c4 dxc4 3. Nf3 Nf6 4. e3 Bg4 5. Bxc4 e6 6. h3 Bh5 7. Nc3 a6 8. O-O
Nc6 9. Re1 Bd6 10. g4 Bg6 11. e4 e5 12. dxe5 Bxe5 13. Nxe5 Qxd1 14. Rxd1 Nxe5
15. Bb3 Nxe4 16. Bf4 Nxc3 17. bxc3 Nd3 18. Bxc7 Rc8 19. Ba5 O-O 20. Rd2 Ne5 21.
Re2 Rfe8 22. Kg2 Nd3 23. Rxe8+ Rxe8 24. Kg3 h5 25. Rd1 Nc5 26. Bd5 Be4 27. f3
Bxd5 28. Rxd5 Rc8 29. Rxh5 Na4 30. Rd5 Nxc3 31. Bxc3 Rxc3 32. Rd8+ Kh7 33. Rd7
b5 34. a4 bxa4 35. Rxf7 a3 36. Rf4 a2 37. Ra4 Rc2 38. Rxa6 Kg8 39. Ra7 Kh7 40.
h4 Kg6 41. h5+ Kf6 42. f4 Rb2 43. Ra6+ Kf7 44. g5 Rc2 45. Kg4 Rb2 46. Ra7+ Kg8
47. Ra8+ Kf7 48. Ra7+ Kg8 49. g6 Kf8 50. Kg5 Rb5+ 51. f5 Rb2 52. h6 Rg2+ 53. Kf4
gxh6 54. Ke5 Re2+ 55. Kf6 Ke8 56. g7 Rg2 57. Rxa2 Kd7 58. Rxg2 1-0

[Event "Titled Tue 3rd Jun Early"]
[Site "chess.com INT"]
[Date "2025.06.03"]
[Round "3"]
[White "Efimov, Leonid"]
[Black "Hovakimyan, Vache"]
[Result "0-1"]
[WhiteTitle "FM"]
[BlackTitle "FM"]
[WhiteElo "2260"]
[BlackElo "2282"]
[WhiteFideId "54165725"]
[BlackFideId "13317288"]
[EventDate "2025.06.03"]

1. Nf3 Nf6 2. g3 d5 3. Bg2 c6 4. O-O Bg4 5. h3 Bxf3 6. exf3 Nbd7 7. f4 e6 8. d3
g6 9. Nd2 Bg7 10. b3 Ne4 11. Nxe4 dxe4 12. Ba3 exd3 13. Qxd3 Qa5 14. Rad1 O-O-O
15. Be7 Bf6 16. Bxd8 Rxd8 17. a4 Qb4 18. Qe4 Qc3 19. Rd3 Nc5 20. Rxd8+ Bxd8 21.
Qe2 Na6 22. Rd1 Nb4 23. Qd2 Qxd2 24. Rxd2 Bf6 25. Be4 Kc7 26. Kg2 a5 27. g4 h6
28. f5 exf5 29. gxf5 g5 30. Kf3 h5 31. Kg2 Be5 32. Bf3 h4 33. Be4 Na2 34. Kf3
Nc3 35. Rd3 b5 36. axb5 cxb5 37. Bd5 f6 38. Be6 Kb6 39. Ke3 a4 40. bxa4 bxa4 41.
Kd2 Ne4+ 42. Ke3 Nc3 43. f3 a3 44. Kd2 a2 45. Bxa2 Nxa2 46. Ra3 Nb4 47. Rb3 Kc5
48. c3 Nd5 49. Rb7 Nf4 50. Ra7 Nxh3 51. Ra5+ Kc4 52. Rxe5 fxe5 53. f6 Nf4 54. f7
Ne6 55. Ke3 Kxc3 56. Ke4 h3 57. Kf5 Nf8 58. Kf6 h2 59. Kg7 Nd7 0-1

[Event "Titled Tue 3rd Jun Early"]
[Site "chess.com INT"]
[Date "2025.06.03"]
[Round "3"]
[White "Demchenko, Anton"]
[Black "Sadubayev, Airat"]
[Result "1/2-1/2"]
[WhiteTitle "GM"]
[BlackTitle "FM"]
[WhiteElo "2619"]
[BlackElo "2211"]
[WhiteFideId "4160258"]
[BlackFideId "13713264"]
[EventDate "2025.06.03"]

1. e4 c6 2. d4 d5 3. Nc3 dxe4 4. Nxe4 Nf6 5. Nxf6+ exf6 6. c3 Bd6 7. Bd3 O-O 8.
Ne2 Re8 9. O-O Nd7 10. Ng3 Nf8 11. a4 a5 12. Nf5 Bc7 13. Qg4 Bxf5 14. Bxf5 g6
15. Bc2 h5 16. Qd1 f5 17. g3 h4 18. Bb3 Ne6 19. d5 Nc5 20. Bc4 Ne4 21. Kg2 Qf6
22. dxc6 bxc6 23. Qf3 Rad8 24. Bd3 Ng5 25. Bxg5 Qxg5 26. Rad1 Re6 27. Bc4 Red6
28. Rxd6 Rxd6 29. Rd1 Rxd1 30. Qxd1 hxg3 31. hxg3 Qe7 32. Qf3 Qe4 33. Qxe4 fxe4
34. b4 Kg7 35. Ba6 f5 36. Bb7 Be5 37. bxa5 Bxc3 38. a6 Bd4 39. Bxc6 Kf6 40. f3
exf3+ 41. Kxf3 Ke5 42. Be8 g5 43. Bh5 Ba7 44. a5 Bc5 45. Kg2 Ba7 46. Be8 g4 47.
Bd7 f4 48. Bxg4 fxg3 49. Kxg3 Kd6 50. Kf4 Kc7 51. Ke5 Kb8 52. Kd6 Bg1 53. Kc6
Ka7 54. Be2 Bh2 55. Kb5 Bg1 56. Bd3 Bh2 57. Be2 Bg1 58. Bd3 Bh2 59. Be2 1/2-1/2

[Event "Titled Tue 3rd Jun Early"]
[Site "chess.com INT"]
[Date "2025.06.03"]
[Round "3"]
[White "Berezin, Viktor RUS"]
[Black "Chen, Yidong"]
[Result "1-0"]
[WhiteTitle "FM"]
[WhiteElo "1921"]
[BlackElo "2038"]
[WhiteFideId "4128869"]
[BlackFideId "8607028"]
[EventDate "2025.06.03"]

1. e4 c6 2. d4 d5 3. Nc3 dxe4 4. Nxe4 Nf6 5. Nxf6+ exf6 6. Nf3 Bd6 7. Be2 O-O 8.
O-O Re8 9. Re1 Nd7 10. c4 Nf8 11. c5 Bc7 12. Bd3 Rxe1+ 13. Qxe1 Bg4 14. Be3 Bxf3
15. gxf3 Qd7 16. Kg2 Ng6 17. Bxg6 hxg6 18. Rd1 Qd5 19. b3 Re8 20. Qc3 Kh7 21.
Qc4 Qh5 22. h3 g5 23. d5 cxd5 24. Rxd5 Re7 25. Qg4 Qg6 26. h4 gxh4 27. Rh5+ Kg8
28. Qxg6 fxg6 29. Rxh4 Be5 30. Re4 f5 31. Ra4 Bb8 32. Rc4 Re6 33. b4 a6 34. a4
Kf7 35. b5 axb5 36. axb5 Ke8 37. Bg5 Bc7 38. Rd4 b6 39. c6 Rd6 40. Rxd6 Bxd6 41.
Kf1 Bc7 42. Ke2 Kf7 43. Kd3 Ke6 44. Kd4 f4 45. Ke4 Bd8 46. Kd4 Bc7 47. Ke4 1-0

[Event "Titled Tue 3rd Jun Early"]
[Site "chess.com INT"]
[Date "2025.06.03"]
[Round "3"]
[White "Kim, Sergey"]
[Black "Gabrielian, Artur"]
[Result "0-1"]
[WhiteTitle "FM"]
[BlackTitle "GM"]
[WhiteElo "2295"]
[BlackElo "2419"]
[WhiteFideId "13700570"]
[BlackFideId "4131002"]
[EventDate "2025.06.03"]

1. d4 Nf6 2. Nf3 e6 3. c4 d5 4. Nc3 Bb4 5. e3 O-O 6. Bd3 dxc4 7. Bxc4 c5 8. O-O
cxd4 9. exd4 Bxc3 10. bxc3 Qc7 11. Qe2 b6 12. Bg5 Nbd7 13. Rac1 Bb7 14. Bd3 Nd5
15. Qe4 g6 16. Qh4 f5 17. Rfe1 Rae8 18. Bb5 Bc6 19. Bd3 N5f6 20. Ne5 Nxe5 21.
Rxe5 Ne4 22. Bh6 Rf7 23. f3 Nc5 24. Bc4 Bd7 25. Rce1 Ne4 26. Bb3 Qxc3 27. Rd1
Nf6 28. Rc1 Qb2 29. Rc7 Ne4 30. Be3 Qe2 31. fxe4 Qxe3+ 32. Qf2 f4 33. Rxd7 Rxd7
34. Rxe6 Qxf2+ 35. Kxf2 Kf8 36. Rxe8+ Kxe8 37. d5 Rc7 38. e5 Rc3 39. d6 b5 40.
e6 Rc6 41. d7+ Ke7 42. Kf3 g5 43. Ke4 Rd6 44. Kf5 h6 45. Kg6 a5 46. Kxh6 a4 47.
Bc2 Rxe6+ 48. Kxg5 Re2 49. Bf5 Rxg2+ 50. Kxf4 Rb2 51. h4 b4 52. h5 b3 53. axb3
a3 54. h6 a2 55. h7 Rh2 0-1